Biggest Cities by Decade (1300-1390) - Statistics

General Stats
  • This quiz has been taken 42 times
  • The average score is 40 of 70
Answer Stats
Year Rank Population Answer % Correct
4. 220,000 Paris
94%
4. 240,000 Paris
94%
4. 260,000 Paris
94%
4. 270,000 Paris
94%
4. 280,000 Paris
94%
4. 220,000 Paris
94%
2. 270,000 Paris
94%
3. 280,000 Paris
94%
3. 290,000 Paris
94%
4. 280,000 Paris
94%
5. 150,000 Beiping
78%
6. 150,000 Beiping
78%
6. 150,000 Beiping
78%
3. 400,000 Dadu
78%
3. 400,000 Dadu
78%
3. 400,000 Dadu
78%
3. 400,000 Dadu
78%
3. 300,000 Dadu
78%
3. 300,000 Dadu
78%
5. 150,000 Dadu
78%
2. 400,000 Cairo
75%
2. 420,000 Cairo
75%
1320 1. 440,000 Cairo
75%
1330 1. 460,000 Cairo
75%
1340 1. 480,000 Cairo
75%
2. 350,000 Cairo
75%
1360 1. 350,000 Cairo
75%
1370 1. 350,000 Cairo
75%
2. 350,000 Cairo
75%
3. 350,000 Cairo
75%
7. 120,000 Delhi
63%
6. 120,000 Delhi
63%
6. 120,000 Delhi
63%
7. 120,000 Delhi
63%
6. 150,000 Guangzhou
53%
6. 150,000 Guangzhou
53%
6. 150,000 Guangzhou
53%
6. 150,000 Guangzhou
53%
5. 150,000 Guangzhou
53%
5. 150,000 Guangzhou
53%
7. 130,000 Guangzhou
53%
7. 150,000 Fez
41%
7. 140,000 Fez
41%
7. 140,000 Fez
41%
7. 130,000 Fez
41%
6. 130,000 Fez
41%
7. 120,000 Fez
41%
7. 120,000 Fez
41%
1300 1. 430,000 Hangzhou
38%
1310 1. 430,000 Hangzhou
38%
2. 430,000 Hangzhou
38%
2. 430,000 Hangzhou
38%
2. 430,000 Hangzhou
38%
1350 1. 430,000 Hangzhou
38%
3. 230,000 Hangzhou
38%
4. 230,000 Hangzhou
38%
5. 230,000 Hangzhou
38%
5. 230,000 Hangzhou
38%
4. 240,000 Yingtian
34%
2. 360,000 Yingtian
34%
6. 120,000 Tabriz
22%
7. 140,000 Tabriz
22%
4. 200,000 Vijayanagara
22%
2. 300,000 Vijayanagara
22%
1380 1. 360,000 Vijayanagara
22%
1390 1. 380,000 Vijayanagara
22%
5. 200,000 Kamakura
13%
5. 200,000 Kamakura
13%
5. 200,000 Kamakura
13%
5. 200,000 Kamakura
13%
No matching quizzes found
Score Distribution
Percent of People with Each Score
Percentile by Number Answered
Your Score History
You have not taken this quiz